[Event "Botvinnik Cup 2018"]
[Site "Moscow"]
[Date "2018.08.14"]
[Round "7"]
[White "Atabayev, Maksat"]
[Black "Rakhmatullaev, Almas"]
[Result "1-0"]
[WhiteElo "2505"]
[BlackElo "1896"]
[Annotator "TA"]
[PlyCount "69"]
[EventDate "2018.08.10"]
[EventCountry "RUS"]
[SourceTitle "playchess.com"]
[Source "ChessBase"]
[SourceQuality "1"]

{[%evp 23,69,60,102,102,135,111,111,111,111,111,111,111,120,103,145,142,144,144,144,150,150,151,196,196,295,211,337,262,298,291,488,478,471,429,570,569,812,805,720,568,557,548,539,530,523,462,552,460]} 1. d4 d5 2. c4 c6 3. Nc3 Nf6 4. Nf3 g6 5. cxd5 cxd5 6. g3 Bg7 7. Bg2 O-O 8. O-O Nc6 9. Ne5 Nxe5 10. dxe5 Ng4 11. Nxd5 Nxe5 12. Bg5 {D79: Fianchetto Grünfeld: Symmetrical Variation (6 0-0 c6 7 cxd5 cxd5)} f6 {LiveBook: 4 Games} (12... Nc6 13. Rc1 Be6 14. Qd2 f6 15. Bf4 Rc8 16. Rfd1 Bf7 17. Be3 e6 18. Nc3 Qxd2 19. Rxd2 Ne5 20. Bxa7 b5 {1-0 (58) Wang,Y (2720)-Harikrishna,P (2727) Beijing 2014}) 13. Bf4 Be6 14. Bxe5 $146 {White is clearly better.} ({Predecessor:} 14. Rc1 Rc8 15. Rxc8 Bxc8 16. Qb3 e6 17. Nc3 Qe7 18. Rc1 b6 19. Nb5 a5 20. Be3 Ba6 21. Nd4 Re8 22. Qxb6 Bc4 23. Nc6 Nxc6 24. Bxc6 {1-0 (24) Raineri de Luca,P (2241)-Rios Torondell,J (2037) Castelldefels 2005}) 14... fxe5 15. Qb3 Bxd5 16. Bxd5+ Kh8 17. Rfd1 ({Reject} 17. Bxb7 $6 Rb8 $11) 17... Rb8 18. Rac1 e6 19. Be4 $36 {[%mdl 2048] White is in control.} Qe7 20. Qa4 b5 21. Qa5 Rb6 22. e3 h5 23. Qd2 ({Don't play} 23. Bxg6 $6 Qf6 $16) 23... Qf6 (23... Kh7 {is a better defense.} 24. Qc2 Rf6) 24. Qe2 {Rc7 is the strong threat.} h4 (24... Rf7 $142 25. Rc8+ Bf8) 25. Rc2 Qg5 26. Rd7 Ra6 $2 {[#]} (26... Rg8 {might work better.} 27. Rxa7 Rd6) 27. b3 $18 {White is clearly winning.} h3 28. Qd3 Qf6 29. Qf1 Rd8 30. Qxh3+ Kg8 31. Rxd8+ Qxd8 32. Bxg6 Rd6 33. Be4 Qd7 34. Kg2 Rd1 35. Rc6 {Precision: White = 82%, Black = 25%.} 1-0

[Event "Botvinnik Cup 2018"]
[Site "Moscow"]
[Date "2018.08.14"]
[Round "7"]
[White "Atabayev, Maksat"]
[Black "Urmonov, Davron"]
[Result "1-0"]
[WhiteElo "2505"]
[BlackElo "1593"]
[Annotator "TA"]
[PlyCount "83"]
[EventDate "2018.08.10"]
[EventCountry "RUS"]
[SourceTitle "playchess.com"]
[Source "ChessBase"]
[SourceQuality "1"]

{[%evp 24,83,33,43,48,47,66,73,51,25,25,25,39,23,34,31,43,28,80,66,62,45,73,41,89,60,103,103,102,95,103,91,97,91,97,85,116,93,148,138,205,87,224,227,336,341,277,249,448,371,783,776,708,780,773,754,917,920,945,912,1006,998]} 1. Nf3 d5 2. b3 Nf6 3. Bb2 Bf5 4. g3 e6 5. Bg2 Be7 6. O-O h6 7. d3 O-O 8. Nbd2 c6 9. Qe1 Nbd7 10. e4 dxe4 11. dxe4 Bh7 12. Qe2 Nc5 {A07: Réti Opening: New York and Capablanca Systems} (12... a5 13. a3 Qb6 14. Rfd1 Rfd8 15. e5 Nd5 16. Ne4 Nc5 17. Nfd2 Bxe4 18. Bxe4 Bg5 19. Nc4 Qa6 20. Bf3 {1-0 (30) Gordievsky,D (2511)-Laurusas,T (2429) Khanty-Mansiysk 2015}) 13. Ne5 {LiveBook: 8 Games} Qb6 $146 ({Predecessor:} 13... Qc7 14. Ng4 Nxg4 15. Qxg4 e5 16. Nc4 {½-½ (40) Zpevak,P (2381)-Cech,P (2387) Czechia 2013}) 14. Ng4 Ncd7 {White is slightly better.} 15. Nc4 Qc7 16. a4 Nxg4 17. Qxg4 {[%csl Gb2][%cal Rg4g7] [#]} Bf6 18. Bxf6 Nxf6 19. Qe2 e5 20. f3 b5 (20... Rfd8 $11 {keeps the balance.}) 21. Nb2 $16 {[%cal Bc4b2,Bb2d3,Bd3b4][%mdl 32]} Rfd8 22. Rfd1 a6 23. Bh3 Ne8 24. Nd3 c5 25. Qe3 c4 26. bxc4 bxc4 27. Nb4 Nf6 28. Rxd8+ Rxd8 29. a5 {[#] Hoping for Qb6.} Qd6 30. c3 Nd7 (30... g5 $142) 31. Bf1 Rc8 (31... Nc5 $16 32. Bxc4 Bg6) 32. Be2 (32. Qa7 $18 {and White stays clearly on top.}) 32... f5 (32... Kh8 $16 {was worth a try.}) 33. Rd1 $18 Qe6 (33... Qc5 {might work better.} 34. Qxc5 Nxc5 35. Bxc4+ Kf8 36. exf5 (36. Nxa6 fxe4 37. Rf1 Nxa6 $16) 36... Bxf5) 34. Qa7 Nf6 35. exf5 (35. Qxa6 Qxa6 36. Nxa6 fxe4 $16) (35. Nxa6 $6 fxe4 36. Nc5 Qf7 $18) 35... Qxf5 $2 (35... Bxf5 {was necessary.} 36. Qxa6 (36. Nxa6 e4 $18) 36... Qxa6 37. Nxa6 Bd3) 36. Qxa6 {aiming for g4.} Kh8 $2 (36... e4 37. Nd5 (37. Bxc4+ Kh8 $16) 37... Nxd5 38. Rxd5 (38. Bxc4 exf3 39. Bxd5+ Kh8 $16) 38... Qf8 39. fxe4 (39. Bxc4 Kh8 $18) 39... Kh8) 37. g4 {White is clearly winning.} Nxg4 38. fxg4 Qf8 39. Qb6 Rb8 40. Qe3 Qf7 41. a6 Qc7 42. Rd5 {Precision: White = 72%, Black = 21%.} 1-0

[Event "Botvinnik Cup 2018"]
[Site "Moscow"]
[Date "2018.08.14"]
[Round "7"]
[White "Khusnutdinov, Rustam"]
[Black "Babazada, Khazar"]
[Result "1/2-1/2"]
[WhiteElo "2470"]
[BlackElo "2229"]
[Annotator "TA"]
[PlyCount "95"]
[EventDate "2018.08.10"]
[EventCountry "RUS"]
[SourceTitle "playchess.com"]
[Source "ChessBase"]
[SourceQuality "1"]

{[%evp 24,95,35,22,29,44,27,0,26,14,34,-16,-19,-24,-15,-27,-13,-33,-15,-13,0,-7,0,0,7,0,0,0,0,0,0,0,-2,-50,0,-9,200,190,166,172,185,214,232,129,238,151,126,141,158,47,55,63,110,110,68,0,0,0,0,0,0,0,0,0,0,0,111,0,0,0,0,0,15,0]} 1. e4 {[%cal Be2e4,Be4e5][%mdl 32]} Nf6 2. e5 Nd5 3. d4 d6 4. c4 Nb6 5. exd6 cxd6 6. Nc3 g6 7. Be3 Bg7 8. Rc1 O-O 9. b3 Bf5 10. Be2 {B03: Alekhine's Defence: Four Pawns Attack} (10. d5 e5 11. dxe6 Bxe6 12. Nge2 d5 13. c5 Nc6 14. Nd4 Bxd4 15. Bxd4 Re8 16. cxb6 Qh4 17. Ne2 axb6 {1-0 (38) Xiong,J (2618)-Kamsky,G (2678) Saint Louis 2016 CBM 172 [Mekhitarian,K]}) 10... d5 11. c5 Nc8 12. h3 Nc6 13. Nf3 {LiveBook: 10 Games} e6 14. O-O h6 $146 ({Predecessor:} 14... N8e7 15. b4 a6 16. a3 Be4 17. Nxe4 dxe4 {1-0 (57) Moradi,B (2228)-Chigladze,I (2358) Urmia 2015}) 15. b4 a6 16. Qb3 Be4 17. Rfd1 Bxf3 18. Bxf3 N8e7 19. Ne2 Nf5 20. g3 Nxe3 21. fxe3 h5 22. h4 Qe7 23. Nf4 Rad8 24. Kg2 Bh6 25. Qc3 Qf6 26. Rc2 Ne7 27. Rf2 Nf5 28. Rdd2 Rfe8 29. Kh2 {[%cal Bg2h2,Bh2g1,Bg1f1][%mdl 32]} Nxh4 $2 (29... Kh8 $11 {and Black stays safe.}) 30. gxh4 $18 Qxh4+ 31. Kg1 $1 Qg3+ 32. Kf1 h4 33. Bg2 (33. Bd1 $18) 33... Bxf4 (33... Qg5 $16 34. Qb3 Qe7) 34. Rxf4 h3 35. Bh1 g5 {[#]} 36. Rf3 ({White must play} 36. Rf6 $1 $16) 36... Qh4 $14 37. e4 g4 38. Rf4 dxe4 39. Bxe4 (39. Rxe4 $14 f5 40. Rf4) 39... e5 $1 $11 {[%cal Re5f4]} 40. dxe5 h2 $1 {Threatens to win with ...Rxd2.} 41. Bh1 {aiming for Rd6.} Rxd2 42. Qxd2 Rxe5 {( -> ...Qh3+)} 43. Qc3 Re7 44. a4 Rd7 {[#]} (44... Kf8 $11 {keeps the balance.}) 45. Ke2 ({White should try} 45. Re4 $1 $16 {[%cal Re4e8] Threatening mate with Re8+.} Rd8 46. Ke2) 45... Qh5 $1 {The position is equal.} 46. Ke1 Qh4+ 47. Ke2 {Black must now prevent Qe3.} Qh5 $1 48. Ke1 {Precision: White = 47%, Black = 46%.} 1/2-1/2

[Event "Botvinnik Cup 2018"]
[Site "Moscow"]
[Date "2018.08.14"]
[Round "7"]
[White "Khusnutdinov, Rustam"]
[Black "Allahverdiyeva, Ayan"]
[Result "1-0"]
[WhiteElo "2470"]
[BlackElo "2046"]
[Annotator "TA"]
[PlyCount "105"]
[EventDate "2018.08.10"]
[EventCountry "RUS"]
[SourceTitle "playchess.com"]
[Source "ChessBase"]
[SourceQuality "1"]

{[%evp 30,105,75,74,81,89,79,78,89,78,82,63,86,77,102,22,11,25,17,25,25,30,25,28,56,18,12,17,14,25,62,69,74,61,62,62,120,120,195,204,190,180,277,218,263,169,376,220,529,382,510,468,525,522,460,464,581,575,547,534,544,475,1014,916,1553,1391,1893,1798,1659,1608,29983,29984,29984,29985,29985,29986,29980,12465]} 1. e4 e6 2. d4 d5 3. Nd2 Nf6 4. e5 Nfd7 5. Bd3 c5 6. c3 Nc6 7. Ne2 cxd4 8. cxd4 f6 9. exf6 Qxf6 10. Nf3 h6 11. O-O Bd6 12. Ng3 O-O 13. Bc2 {C06: French Tarrasch: 3...Nf6 4 e5 Nfd7 5 Bd3 main lines} Rd8 (13... Rf7 14. Re1 Nf8 15. Nh5 Qd8 16. Ne5 Bxe5 17. dxe5 Qb6 18. Nf4 Bd7 19. Nd3 Rc8 20. Be3 Qd8 {½-½ (72) Svane,R (2570)-Sethuraman,S (2623) Moscow 2017}) 14. Re1 Nf8 15. Ne5 Qh4 16. f4 {LiveBook: 21 Games} Bc7 17. Be3 Bd7 18. a3 Be8 19. Rc1 $146 ({Predecessor:} 19. Rf1 Na5 20. b3 g6 {1-0 (59) Muller,A (2130)-Suez Panama,G (2122) Nimes 2009}) 19... Rac8 20. Rf1 Bb6 21. Kh1 Rc7 22. Bg1 (22. Nf3 $16 Qe7 23. f5) 22... Rdc8 23. Bb1 Nxe5 24. Rxc7 Rxc7 25. dxe5 Bxg1 26. Kxg1 Rc4 27. f5 {fxe6 is the strong threat.} Rf4 28. fxe6 {[#] Strongly threatening Nf5.} Rxf1+ 29. Nxf1 Nxe6 30. Qxd5 Qd4+ 31. Qxd4 Nxd4 $16 {[%mdl 4096] Endgame KBN-KBN} 32. Ne3 Bf7 (32... Kf8 $14) 33. Be4 Nc6 (33... Ba2 $16) 34. Bxc6 $1 $18 bxc6 {KB-KN} 35. Kf2 Be6 (35... c5 $142 36. Kf3 g6) 36. Kf3 Kf7 37. Ke4 g6 $2 (37... c5 38. h4 a5) 38. h4 (38. Kd4 $142) 38... h5 $2 (38... Bb3 39. Kf4 Ke6) 39. Kd4 Bb3 40. Kc3 Ba4 41. b4 Ke6 42. Kd4 a6 43. Ke4 Bb3 44. g3 Ba4 45. Ng2 c5 (45... Bc2+ $142 46. Kd4 Ba4 47. Nf4+ Kf5) 46. Nf4+ Kd7 47. bxc5 {[%cal Bb4c5,Bc5c6][%mdl 32]} Kc6 48. Kd4 Bc2 49. e6 {[%cal Be5e6,Be6e7][%mdl 32]} Bf5 50. e7 {White mates.} Kd7 51. Nd5 Be6 {[#]} 52. c6+ $1 Ke8 (52... Kxc6 53. e8=Q+) 53. Nc7+ {Precision: White = 71%, Black = 34%.} 1-0

[Event "Botvinnik Cup 2018"]
[Site "Moscow"]
[Date "2018.08.14"]
[Round "7"]
[White "Sevdimaliyev, Urfan"]
[Black "Mailebayev, Sanzhar"]
[Result "0-1"]
[WhiteElo "2388"]
[BlackElo "1820"]
[Annotator "NA"]
[PlyCount "130"]
[EventDate "2018.08.10"]
[EventCountry "RUS"]
[SourceTitle "playchess.com"]
[Source "ChessBase"]
[SourceQuality "1"]
[TimeControl "5400+30"]

1. d4 {[%emt 0:00:00]} d5 {[%emt 0:00:00]} 2. Nf3 {[%emt 0:00:00]} Nf6 {[%emt 0:00:00]} 3. Bg5 {[%emt 0:00:26]} Ne4 {[%emt 0:02:02]} 4. Bh4 {[%emt 0:00:06]} Qd6 {[%emt 0:03:04]} 5. Nbd2 {[%emt 0:00:39]} Qh6 {[%emt 0:05:47] D03: 1 d4 d5 2 Nf3 Nf6 3 Bg5, including Torre Attack with early ...d5} 6. Qc1 {[%emt 0:00:52]} Nc6 {[%emt 0:09:42]} 7. c3 {[%emt 0:02:05]} Qh5 {[%emt 0:25:47]} 8. Nxe4 {[%emt 0:14:23]} dxe4 {[%emt 0:00:33]} 9. Qg5 {[%emt 0:00:24]} Qxg5 {[%emt 0:04:38]} 10. Nxg5 {[%emt 0:01:30]} h6 {[%emt 0:02:00]} 11. Nh3 {[%emt 0:01:44]} Bf5 $146 {[%emt 0:04:13]} ({Predecessor:} 11... e5 12. e3 Bxh3 13. gxh3 {0-1 (54) Garcia Palermo,C (2444)-Godena,M (2533) Penne 2004}) 12. Bg3 {[%emt 0:06:56]} O-O-O {[%emt 0:00:28]} 13. e3 {[%emt 0:07:22]} h5 {[%emt 0:04:11]} 14. Ng1 {[%emt 0:02:57]} h4 {[%emt 0:05:31]} 15. Bf4 {[%emt 0:01:45]} f6 {[%emt 0:02:12]} 16. h3 {[%emt 0:02:28]} e5 {[%emt 0:00:22]} 17. Bh2 {[%emt 0:06:16]} exd4 {[%emt 0:01:01]} 18. exd4 {[%emt 0:01:15]} Be6 {[%emt 0:07:51]} 19. Bb5 {[%emt 0:00:57]} a6 {[%emt 0:03:09]} 20. Bxc6 {[%emt 0:01:04]} bxc6 {[%emt 0:00:05]} 21. Ne2 {[%emt 0:01:34]} c5 {[%emt 0:00:50]} 22. Bf4 {[%emt 0:07:21]} Bc4 {[%emt 0:04:01]} 23. Be3 {[%emt 0:00:41]} cxd4 {[%emt 0:02:02]} 24. Nxd4 {[%emt 0:03:57]} Kb7 {[%emt 0:00:31]} 25. b4 {[%emt 0:03:16]} Kc8 {[%emt 0:10:51]} 26. Nb3 {[%emt 0:06:01]} Rd3 {[%emt 0:00:14]} 27. Rc1 {[%emt 0:01:37]} Bd6 {[%emt 0:00:42]} 28. O-O {[%emt 0:07:10] [#]} f5 {[%emt 0:00:55]} (28... Bxb3 $1 $17 29. axb3 Be5) 29. Rfd1 {[%emt 0:01:07]} f4 {[%emt 0:00:47]} 30. Bd4 {[%emt 0:08:13]} Rg8 {[%emt 0:00:32]} 31. Rxd3 {[%emt 0:02:17]} Bxd3 {[%emt 0:00:30]} 32. Nc5 {[%emt 0:00:46]} Bxc5 {[%emt 0:00:13]} 33. Bxc5 {[%emt 0:02:01]} Kd7 {[%emt 0:00:04]} 34. Rd1 {[%emt 0:01:16]} Ke6 {[%emt 0:00:10]} 35. f3 {[%emt 0:04:41]} g5 {[%emt 0:00:10]} 36. fxe4 {[%emt 0:00:06]} Bxe4 {[%emt 0:00:07]} 37. Kf2 {[%emt 0:00:40]} g4 {[%emt 0:00:18]} 38. hxg4 {[%emt 0:00:02]} Rxg4 {[%emt 0:00:08]} 39. Rg1 {[%emt 0:00:06]} Ke5 {[%emt 0:00:55]} 40. a4 {[%emt 0:01:16]} Bc6 {[%emt 0:00:37]} 41. a5 {[%emt 0:00:41]} Be4 {[%emt 0:00:35]} 42. Bd4+ {[%emt 0:00:32]} Kf5 {[%emt 0:01:13]} 43. Bc5 {[%emt 0:00:22]} Rg3 {[%emt 0:00:37]} 44. Bd4 {[%emt 0:00:07]} c6 {[%emt 0:00:47]} 45. Bh8 {[%emt 0:00:15]} Rg8 {[%emt 0:00:46]} 46. Bd4 $11 {[%emt 0:00:16]} Ke6 {[%emt 0:00:11]} 47. Bc5 {[%emt 0:00:23]} Rg3 {[%emt 0:00:58]} 48. Bd4 {[%emt 0:00:23]} Rg8 {[%emt 0:00:59]} (48... Bd5 $17) 49. Bc5 {[%emt 0:00:02]} Ke5 {[%emt 0:00:28]} 50. Bb6 {[%emt 0:00:28]} Kf5 {[%emt 0:00:24]} (50... Rg4 $17) 51. Bc5 $2 {[%emt 0:00:10]} Rg3 {[%emt 0:00:30]} 52. Bd4 $19 {[%emt 0:00:13]} Bd5 {[%emt 0:00:07]} 53. Bh8 {[%emt 0:00:24]} Rd3 {[%emt 0:00:22]} 54. Re1 {[%emt 0:01:10]} Rd2+ {[%emt 0:00:15]} 55. Re2 {[%emt 0:00:01]} Rxe2+ {[%emt 0:00:09]} 56. Kxe2 {[%emt 0:00:01]} Bxg2 {[%emt 0:00:14]} 57. Kf2 {[%emt 0:00:03]} h3 {[%emt 0:00:26]} 58. Bd4 {[%emt 0:00:16]} Kg4 {[%emt 0:00:09]} 59. Bc5 {[%emt 0:02:50]} Bd5 {[%emt 0:00:46]} 60. Kg1 {[%emt 0:00:17]} Kf3 {[%emt 0:00:11]} 61. Kh2 {[%emt 0:00:49]} Be6 {[%emt 0:00:11]} 62. c4 {[%emt 0:02:18]} Ke2 {[%emt 0:00:27]} 63. b5 {[%emt 0:01:04]} cxb5 {[%emt 0:00:07]} 64. cxb5 {[%emt 0:00:05]} axb5 {[%emt 0:00:05]} 65. a6 {[%emt 0:00:01]} f3 {[%emt 0:00:15]} 0-1

[Event "Botvinnik Cup 2018"]
[Site "Moscow"]
[Date "2018.08.14"]
[Round "7"]
[White "Sevdimaliyev, Urfan"]
[Black "Igen, Amir"]
[Result "1-0"]
[WhiteElo "2388"]
[BlackElo "1778"]
[Annotator "NA"]
[PlyCount "142"]
[EventDate "2018.08.10"]
[EventCountry "RUS"]
[SourceTitle "playchess.com"]
[Source "ChessBase"]
[SourceQuality "1"]
[TimeControl "5400+30"]

1. d4 {[%emt 0:00:00]} d5 {[%emt 0:00:00]} 2. Nf3 {[%emt 0:00:00]} Nf6 {[%emt 0:00:00]} 3. Bg5 {[%emt 0:00:00]} e6 {[%emt 0:06:46]} 4. Nbd2 {[%emt 0:00:00]} Be7 {[%emt 0:00:10]} 5. e3 {[%emt 0:00:00]} O-O {[%emt 0:00:41]} 6. Bd3 {[%emt 0:00:00]} Nbd7 {[%emt 0:00:19]} 7. c3 {[%emt 0:00:28]} c5 {[%emt 0:00:32]} 8. Ne5 {[%emt 0:01:52]} Nxe5 {[%emt 0:05:04]} 9. dxe5 {[%emt 0:00:03]} Nd7 {[%emt 0:00:07]} 10. Bxe7 {[%emt 0:00:03]} Qxe7 {[%emt 0:00:11]} 11. f4 {[%emt 0:00:01]} f6 {[%emt 0:09:43]} 12. exf6 {[%emt 0:02:43]} Rxf6 {[%emt 0:00:42] D03: 1 d4 d5 2 Nf3 Nf6 3 Bg5, including Torre Attack with early ...d5} 13. Nf3 {[%emt 0:02:17]} e5 {[%emt 0:04:29]} 14. Bb5 $146 {[%emt 0:05:04]} ({Predecessor:} 14. Bc2 d4 15. O-O e4 16. Ng5 d3 17. Bb3+ Kh8 18. Bd5 h6 19. Qh5 Nb6 20. Nf7+ {1-0 (40) Palchun,G (2321)-Lazarev,V (2145) Kolomna 2014}) 14... exf4 {[%emt 0:05:03]} 15. Qxd5+ {[%emt 0:00:25]} Kh8 {[%emt 0:00:47]} 16. O-O-O {[%emt 0:01:17]} Nf8 {[%emt 0:18:41]} 17. exf4 {[%emt 0:15:11]} Be6 {[%emt 0:05:25]} 18. Qd6 {[%emt 0:05:09]} Qxd6 {[%emt 0:04:20]} 19. Rxd6 {[%emt 0:00:02]} Bxa2 {[%emt 0:07:15]} 20. Rxf6 {[%emt 0:02:27]} gxf6 {[%emt 0:00:07]} 21. Rd1 {[%emt 0:01:21]} a6 {[%emt 0:02:34]} 22. Ba4 {[%emt 0:00:57]} b5 {[%emt 0:05:35]} 23. Bc2 {[%emt 0:02:30]} Ne6 {[%emt 0:20:57]} 24. g3 {[%emt 0:05:31]} a5 {[%emt 0:01:05]} 25. Rd7 {[%emt 0:01:39]} Nf8 {[%emt 0:00:34]} 26. Rc7 {[%emt 0:00:59]} Bd5 {[%emt 0:00:13]} 27. Nh4 {[%emt 0:04:58]} Bg8 {[%emt 0:01:37]} 28. Rxc5 {[%emt 0:02:14]} b4 {[%emt 0:00:09]} 29. cxb4 {[%emt 0:04:08]} axb4 {[%emt 0:00:05]} 30. b3 {[%emt 0:12:35]} Ra1+ {[%emt 0:00:19]} 31. Kb2 {[%emt 0:00:04]} Rh1 {[%emt 0:00:07]} 32. Rc8 {[%emt 0:00:12]} Ne6 {[%emt 0:00:22]} 33. Nf5 {[%emt 0:14:04]} Re1 $2 {[%emt 0:01:15]} (33... Rxh2 34. Ne7 Kg7 35. Nxg8 Kf7) 34. Nh6 {[%emt 0:01:08]} Kg7 {[%emt 0:00:35]} 35. Nxg8 {[%emt 0:02:22]} Nd4 {[%emt 0:00:09]} 36. Bd3 {[%emt 0:01:30]} Rh1 {[%emt 0:00:48]} 37. Bc4 {[%emt 0:00:58]} Rxh2+ {[%emt 0:00:14]} 38. Kc1 {[%emt 0:00:50]} Rh1+ {[%emt 0:01:10]} 39. Kd2 {[%emt 0:06:53]} Rh2+ {[%emt 0:00:08]} 40. Kd3 {[%emt 0:00:06]} Nf5 {[%emt 0:00:05]} 41. Rc7+ {[%emt 0:01:22]} Kg6 {[%emt 0:00:07]} 42. Bf7+ {[%emt 0:00:37]} Kg7 {[%emt 0:00:07]} 43. Be6+ {[%emt 0:00:25]} Kg6 {[%emt 0:00:05]} 44. Bxf5+ {[%emt 0:00:09]} Kxf5 {[%emt 0:00:05]} 45. Rc6 {[%emt 0:00:06]} Rh3 {[%emt 0:00:41]} 46. Rxf6+ {[%emt 0:00:20]} Kg4 {[%emt 0:00:09]} 47. Rh6 {[%emt 0:00:49]} Rxg3+ {[%emt 0:00:07]} 48. Kc4 {[%emt 0:00:23]} Kxf4 {[%emt 0:00:12]} 49. Nf6 {[%emt 0:00:30]} Kf5 {[%emt 0:00:37]} 50. Nd5 {[%emt 0:00:41]} Rg4+ {[%emt 0:00:07]} 51. Kb5 {[%emt 0:00:05]} Rg5 {[%emt 0:00:42]} 52. Nxb4 {[%emt 0:00:11]} Ke4+ {[%emt 0:00:22]} 53. Kc4 {[%emt 0:00:10]} Rg7 {[%emt 0:00:14]} 54. Nd3 {[%emt 0:00:11]} Rc7+ {[%emt 0:00:04]} 55. Nc5+ {[%emt 0:00:01]} Ke5 {[%emt 0:00:10]} 56. b4 {[%emt 0:00:11]} Rg7 {[%emt 0:01:43]} 57. Rh5+ {[%emt 0:00:14]} Kd6 {[%emt 0:00:08]} 58. Rh6+ $2 {[%emt 0:00:21]} (58. Rd5+ {mates} Kc6 59. b5+ Kb6 60. Rd6+ Kc7 61. Re6 Rg4+ 62. Kc3 Rg3+ 63. Kb4 Rg4+ 64. Ka5) 58... Ke5 {[%emt 0:00:21]} 59. Re6+ {[%emt 0:00:09]} Kf5 {[%emt 0:00:14]} 60. b5 {[%emt 0:00:28]} h5 {[%emt 0:00:57]} 61. b6 {[%emt 0:00:08]} h4 {[%emt 0:00:17]} 62. Rh6 {[%emt 0:00:09]} Kg4 {[%emt 0:00:04]} 63. b7 {[%emt 0:00:26]} Rg8 {[%emt 0:00:05]} 64. Rg6+ {[%emt 0:00:30]} Rxg6 {[%emt 0:00:07]} 65. b8=Q {[%emt 0:00:40]} h3 {[%emt 0:01:35]} 66. Qh2 {[%emt 0:02:55]} Kh4 {[%emt 0:00:12]} 67. Ne4 {[%emt 0:00:31]} Rg2 {[%emt 0:01:13]} 68. Qf4+ {[%emt 0:00:07]} Kh5 {[%emt 0:00:14]} 69. Ng3+ {[%emt 0:02:24]} Kg6 {[%emt 0:01:04]} 70. Qg4+ {[%emt 0:00:11]} Kf6 {[%emt 0:00:25]} 71. Qxh3 {[%emt 0:00:05]} Ke5 {Kd5+ Kxd5} 1-0

[Event "Botvinnik Cup 2018"]
[Site "Moscow"]
[Date "2018.08.14"]
[Round "7"]
[White "Komliakov, Viktor"]
[Black "Tsvetkov, Andrey"]
[Result "0-1"]
[WhiteElo "2366"]
[BlackElo "2297"]
[Annotator "NA"]
[PlyCount "84"]
[EventDate "2018.08.10"]
[EventCountry "RUS"]
[SourceTitle "playchess.com"]
[Source "ChessBase"]
[SourceQuality "1"]
[TimeControl "5400+30"]

1. e4 {[%emt 0:00:00]} c5 {[%emt 0:00:00]} 2. Nf3 {[%emt 0:00:00]} d6 {[%emt 0:00:00]} 3. d4 {[%emt 0:00:00]} cxd4 {[%emt 0:00:00]} 4. Nxd4 {[%emt 0:00:00]} Nf6 {[%emt 0:00:00]} 5. f3 {[%emt 0:00:07]} e5 {[%emt 0:01:14]} 6. Bb5+ {[%emt 0:00:06]} Nbd7 {[%emt 0:00:36]} 7. Nf5 {[%emt 0:00:26]} d5 {[%emt 0:02:09]} 8. exd5 {[%emt 0:00:22]} a6 {[%emt 0:00:19]} 9. Ba4 {[%emt 0:00:30]} b5 {[%emt 0:06:00]} 10. Bb3 {[%emt 0:00:04]} Nb6 {[%emt 0:01:35]} 11. Ne3 {[%emt 0:00:07] B55: Sicilian: 2...d6 3 d4 cxd4 4 Nxd4 Nf6 5 f3} Bc5 {[%emt 0:00:35]} 12. Nc3 {[%emt 0:00:42]} Bb7 {[%emt 0:01:25]} (12... O-O 13. Qd3 a5 14. a3 a4 15. Ba2 b4 16. axb4 Bxb4 17. O-O Ba6 18. Nb5 Bc5 {0-1 (43) Rodriguez Vila,A (2532)-Shirov,A (2698) Buenos Aires 2012}) 13. Qd3 {[%emt 0:11:24] LiveBook: 26 Games} O-O {[%emt 0:11:04]} 14. Ne4 {[%emt 0:04:55]} Rc8 {[%emt 0:02:32]} 15. Nxc5 {[%emt 0:02:07]} Rxc5 {[%emt 0:00:01]} 16. O-O {[%emt 0:11:14] [#]} a5 $146 {[%emt 0:19:39]} ({Predecessor:} 16... Nbxd5) 17. a3 {[%emt 0:11:31]} a4 {[%emt 0:06:52]} 18. Ba2 {[%emt 0:00:37]} Nbxd5 {[%emt 0:01:19]} 19. Nxd5 {[%emt 0:01:26]} Bxd5 {[%emt 0:00:30]} 20. Be3 {[%emt 0:01:25]} Rc8 {[%emt 0:00:02]} 21. Qxb5 {[%emt 0:10:51]} Bxa2 {[%emt 0:00:03]} 22. Rxa2 {[%emt 0:00:02]} Qd5 {[%emt 0:00:09]} 23. Qxd5 {[%emt 0:02:18]} Nxd5 {[%emt 0:00:07]} 24. Bg5 {[%emt 0:03:49]} Rxc2 {[%emt 0:02:41]} 25. Rf2 {[%emt 0:00:58]} Rfc8 {[%emt 0:00:40]} 26. Ra1 {[%emt 0:00:10]} Rxf2 {[%emt 0:00:21]} 27. Kxf2 {[%emt 0:00:22]} Rc2+ {[%emt 0:00:02]} 28. Kg3 {[%emt 0:00:07]} Rxb2 {[%emt 0:01:25]} 29. Rd1 {[%emt 0:00:08]} Rb5 {[%emt 0:00:04]} 30. Rc1 {[%emt 0:06:51]} f6 {[%emt 0:03:27]} 31. Bd2 {[%emt 0:00:42]} Rb2 {[%emt 0:02:29]} 32. Rd1 {[%emt 0:01:23]} Rb3 {[%emt 0:01:45]} 33. Be1 {[%emt 0:01:29]} Ne3 {[%emt 0:01:49]} 34. Rd8+ {[%emt 0:03:09]} Kf7 {[%emt 0:00:02]} 35. Bb4 {[%emt 0:00:40]} Rb2 {[%emt 0:01:48]} 36. f4 {[%emt 0:00:37]} e4 {[%emt 0:05:32]} 37. f5 {[%emt 0:02:28]} Nxf5+ {[%emt 0:07:08]} 38. Kf4 {[%emt 0:00:16]} e3 {[%emt 0:02:18]} 39. Rf8+ $19 {[%emt 0:02:18]} Ke6 {[%emt 0:01:35]} 40. g4 {[%emt 0:00:07]} Rxb4+ {[%emt 0:00:13]} 41. axb4 {[%emt 0:00:15]} e2 {[%emt 0:00:03]} 42. gxf5+ {[%emt 0:00:11]} Ke7 {[%emt 0:00:07]} 0-1